Städte Boliviens - Statistiken

Allgemein
  • Dieses Quiz wurde 35 mal gespielt
  • Das Durchschnittsergebnis liegt bei 6 aus 20
Antwortstatistiken
Rang Einwohner Stadt % Korrekt
3 758.845 La Paz
100%
6 238.798 Sucre
93%
1 1.442.396 Santa Cruz
78%
4 632.013 Cochabamba
67%
8 176.022 Potosí
41%
12 101.628 Trinidad
41%
5 264.943 Oruro
37%
2 846.880 El Alto
30%
7 179.561 Tarija
22%
13 78.773 Riberalta
15%
20 44.120 Cobija
11%
10 117.859 Quillacollo
11%
16 62.979 Viacha
11%
11 107.628 Montero
7%
9 150.110 Sacaba
7%
14 77.668 Warnes
7%
17 61.844 Yacuíba
7%
18 51.990 Colcapirhua
0%
15 76.123 La Guardia
0%
19 49.473 Tiquipaya
0%
Keine übereinstimmenden Quizze gefunden
Verteilung der Resultate
Anzahl Personen mit jedem Resultat
Perzentil nach korrekt beantworteten Fragen
Ihre Resultats-Entwicklung
Sie haben dieses Quiz noch nicht gespielt